Worst TV Actors Ever - Statistics

General Stats
  • This quiz has been taken 35 times
  • The average score is 8 of 31
Answer Stats
Hint Answer % Correct
Hannah Montana Miley Cyrus
75%
Baywatch David Hasselhoff
59%
Walker Texas Ranger Chuck Norris
56%
Friends David Schwimmer
56%
Star Trek William Shatner
53%
Iron Fist Finn Jones
34%
Dawson's Creek James van der Beek
31%
Dawson's Creek Katie Holmes
31%
CSI Miami David Caruso
28%
Lizzie Maguire/How I Met Your Father Hilary Duff
28%
Mad Men January Jones
28%
The Big Bang Theory Johnny Galecki
28%
Home Improvement Taran Noah Smith
25%
That 70s Show Topher Grace
25%
How I Met Your Mother Josh Radnor
22%
Melrose Place Vanessa Williams
22%
Dr Ken Ken Jeong
19%
The OC Mischa Barton
19%
Full House/Fuller House Candace Cameron Bure
16%
The Walking Dead Chandler Riggs
16%
Batwoman Ruby Rose
16%
Modern Family Aubrey Anderson-Emmons
13%
Wizards of Waverly Place Jake T Austin
13%
Modern Family Rico Rodriguez
13%
Saved by the Bell Elizabeth Berkley
9%
Beverly Hills 90210 Ian Ziering
9%
Falcon Crest Lorenzo Lamas
9%
Three's Company Richard Kline
9%
Entourage Adrian Grenier
6%
General Hospital Antonio Sabato Jr.
0%
Knots Landing Kim Lankford
0%
No matching quizzes found
Score Distribution
Percent of People with Each Score
Percentile by Number Answered
Your Score History
You have not taken this quiz